000 00469nam a22001697a 4500
003 BD-ChCU
005 20251126094121.0
008 251126b bg ||||| |||| 00| 0 ben d
040 _cBD-ChCU
082 _a200.95 SPR
100 _aSpencer , Robert F. ed.
_916926
245 _aReligion and change in contemporary Asia./
_cRobert F. Spencer.
260 _aBombay :
_bO.U.P.
_cC 1971
300 _av , 172p
650 0 _aAsia - Religion.
_916928
942 _2ddc
_cBK
_n0
999 _c109844
_d109844